000 00471nam a2200181Ia 4500
001 21159
005 20260306172858.0
008 260306t2022||||xx |||||||||||||| ||spa||
041 _aESP
082 _a344C4
_bU79 T. 2
100 _aUrquizo Olaechea, José
_eAUT
245 0 _aCódigo penal del bicentenario:
_bestudios de derecho penal actual
260 _c2022
300 _a510 páginas :
_c25 cm.
650 _aGEN
654 _aCDE
942 _cLIB
_dJUS
_fJUS
_2ddc
_n
999 _c21159
_d21159